export_success — 

The Renewable energy sources and the the renewable energies heat act : data and facts for biomass.

Bibliographic Details
Corporate Author: Federal Ministry od Food Agriculture and Consumer Protection (BMELV)
Format: Book
Published: Berlin: BMELV, 2009.
Subjects:
LEADER 00531cam a2200145 7i4500
001 0000024928
005 20100728090000.0
090 0 0 |a I 333.79   |b FED 
110 2 0 |a Federal Ministry od Food Agriculture and Consumer Protection (BMELV) 
245 0 0 |a The Renewable energy sources and the the renewable energies heat act :   |b data and facts for biomass. 
260 0 0 |a Berlin:   |b BMELV,   |c 2009. 
300 # # |a 49 p. 
650 0 0 |a Renewable energy sources --   |z Germany  
651 0 0 |a Germany  
999 |a 0000027330  |b Book  |c International  |e Business Information Centre